Statistics for Country by Tourist Attraction #3

Click here to take the quiz!

General Stats

  • This quiz has been taken 49 times
  • The average score is 11 of 26

Answer Stats

Tourist Attraction Country % Correct
Taj MahalIndia
100%
Bob Marley MuseumJamaica
88%
Auschwitz Concentration CampPoland
88%
Viking Ship MuseumNorway
84%
Mount KilimanjaroTanzania
77%
Burj KhalifaUnited Arab Emirates
72%
Galapagos IslandsEcuador
70%
MatterhornSwitzerland
70%
Golden BuddhaThailand
63%
Bridge of the AmericasPanama
47%
Pha That LuangLaos
44%
Kigali Genocide Memorial CentreRwanda
40%
AtomiumBelgium
33%
Atlantis, Paradise IslandBahamas
30%
Shwedagon PagodaBurma
30%
Okavango DeltaBotswana
26%
Belém TowerPortugal
19%
Torres del PaineChile
19%
Jebel AkhdarOman
12%
Brest FortressBelarus
12%
Salt Cathedral of ZipaquiráColombia
12%
Church of Saint SavaSerbia
7%
Goroka ShowPapua New Guinea
5%
Gorongosa National ParkMozambique
2%
VallnordAndorra
2%
Temple of Zeus, OlympiaLibya
2%

Score Distribution

Percentile by Number Answered

Percent of People with Each Score

Your Score History

You have not taken this quiz